000 00565cam a22002053a 4500
001 44637
003 PGUSA
005 20140828084023.0
008 140109s2014||||xxu|||||s|||||000 | eng d
040 _aPGUSA
_beng
042 _adc
100 1 _aFox, Frances Maragret
245 1 0 _aBrother Billy
_h[electronic resource] /
_cFrances Maragret Fox
260 _bProject Gutenberg,
_c2014
506 _aPublic domain in the USA.
516 _aElectronic text
830 0 _aProject Gutenberg
_v44637
856 4 0 _uhttp://www.gutenberg.org/ebooks/44637
942 _cEB
999 _c273888
_d273888